00971 a2200193 4500003000500000005001700005010001600022020002400038040000900062082001300071100002200084245007100106260005300177300003300230505045800263650001900721650001800740700001900758Nust20221219125739.0 a 81015871 a0131535021 (pbk.) : cNust00a080, STA1 aStano, Michael E.10aCommunication in interviews /cMichael E. Stano, N.L. Reinsch, Jr. aEnglewood Cliffs, N.J. :bPrentice-Hall,cc1982. avi, 233 p. :bill. ;c23 cm. aAn Introduction To Interview (Page-1), Common Characteristics Of Interviews (Page-26), The Survey Interview (Page-51),The Journalistic Interview (Page-78), The Appraisal Interview (Page-99), The Selection Interview For The Interviewer (Page-120), The Selection Interview For The Interviewee(Page-139), The Non Professional Counseling Interview (Page-152), The Medical Interview (Page-179), The Legal Interview (Page-197), The Sales Interview (Page-212). 0aCommunication. 0aInterviewing.1 aReinsch, N. L.